000 00418nam a2200181Ia 4500
008 090123s9999 xx 000 0 und d
082 _b36695
100 _aW MAUGHAM SOMERSEL
245 _aTHE RAZORS EDGE
250 _a0
260 _bPOCKET BOOK
300 _a296
600 _aW MAUGHAM SOMERSEL
630 _aTHE RAZORS EDGE
700 _aW MAUGHAM SOMERSEL
730 _aTHE RAZORS EDGE
942 _cBOOK
999 _c74763
_d74763